| 000 | 00583nam a2200217 a 4500 | ||
|---|---|---|---|
| 999 |
_c6000 _d6000 |
||
| 001 | 6000 | ||
| 003 | BD-JhCC | ||
| 005 | 20180225170903.0 | ||
| 008 | 871118s1975 bg 000 1 eng d | ||
| 035 | _a(BD-JhCC) | ||
| 040 |
_aBD-JhCC _dBD-JhCC |
||
| 041 | _aeng | ||
| 082 |
_a050 _bBAN 1975 |
||
| 245 | 1 | 0 |
_aBangladesh Insurance Academy Journal / _cBangladesh Insurance Academy |
| 260 |
_aBangladesh : _bPurba Banga Press, _c1975 |
||
| 300 |
_a64 p. ; _c24cm. |
||
| 651 | _aJournal | ||
| 651 | _aBengali Periodicals | ||
| 710 | _aBangladesh Insurance Academy | ||
| 942 |
_2ddc _cBK |
||